<?xml version="1.0" encoding="UTF-8"?>
<marc:record xmlns:marc="http://www.loc.gov/MARC21/slim">
   <marc:leader>00000nam a2200000 a 4500</marc:leader>
   <marc:datafield ind1="1" ind2=" " tag="100">
      <marc:subfield code="a">Raab, Thomas</marc:subfield>
      <marc:subfield code="4">aut</marc:subfield>
      <marc:subfield code="e">Verfasser/-in</marc:subfield>
   </marc:datafield>
   <marc:datafield ind1="0" ind2="0" tag="245">
      <marc:subfield code="a">Walter muss weg</marc:subfield>
   </marc:datafield>
   <marc:datafield ind1="0" ind2="0" tag="245">
      <marc:subfield code="b">Frau Huber ermittelt - Der erste Fall</marc:subfield>
   </marc:datafield>
   <marc:datafield ind1=" " ind2="1" tag="264">
      <marc:subfield code="b">Kiepenheuer &amp; Witsch</marc:subfield>
      <marc:subfield code="c">2018</marc:subfield>
   </marc:datafield>
   <marc:datafield ind1="1" ind2=" " tag="490">
      <marc:subfield code="a">Frau Huber</marc:subfield>
   </marc:datafield>
   <marc:datafield ind1="1" ind2=" " tag="520">
      <marc:subfield code="a">Unter äußerst mysteriösen Umständen kam Hannelore Hubers Ehemann ums Leben. Aber wozu hinterfragen! Hauptsache tot. Hanni freut sich nun auf ihren wohlverdienten Ruhestand - doch sie feut sich zu früh. Vor den Augen der Trauergemeinde fällt der Sarg in die Grube, springt auf und offenbart einen falschen Leichnam. Da stellt sich natürlich nicht nur die Frage, wer diesen Toten auf dem Gewissen hat oder was in Glaubenthal sonst noch alles in den GRäbern herumliegt, sondern vor allem: Wo ist der verstorbene Ehemann?</marc:subfield>
   </marc:datafield>
   <marc:datafield ind1=" " ind2=" " tag="020">
      <marc:subfield code="a">9783462050950</marc:subfield>
      <marc:subfield code="9">9783462050950</marc:subfield>
   </marc:datafield>
</marc:record>
